Breaking the Habit Lyrics - Statistics

General Stats
  • This quiz has been taken 21 times
  • The average score is 17 of 22
Answer Stats
Lyrics % Correct
I don't know what's worth fighting for or why I {have} {to} {scream}
100%
I'm {breaking} {the} {habit}
100%
I'm {breaking} {the} {habit} tonight
100%
So I'm {breaking} {the} {habit}
100%
Memories consume like opening the {wound}
95%
I don't know how I got this way, I'll never {be} {alright}
89%
I don't want to {be} {the} {one} the battles always choose
89%
Unless I try to {start} again
89%
'Cause inside, I realize that I'm {the} {one} {confused}
84%
I don't know how I got this way, I know it's {not} {alright}
84%
You all {assume} I'm safe here in my room
84%
I don't know {why} {I} {instigate} and say what I don't mean
79%
I'll paint it {on} {the} {walls}
74%
And this is {how} {it} {ends}
68%
I had {no} {options} left again
68%
But now I {have} {some} {clarity} to show you what I mean
63%
'Cause I'm the one {at} {fault}
63%
I hurt {much} {more} than anytime before
63%
I'll never {fight} again
63%
Clutching my cure, I tightly {lock} {the} {door}
53%
I'm {picking} {me} {apart} again
42%
I try to {catch} {my} {breath} again
42%
No matching quizzes found
Score Distribution
Percent of People with Each Score
Percentile by Number Answered
Your Score History
You have not taken this quiz